| 000 | 00634nam a22002057a 4500 | ||
|---|---|---|---|
| 999 |
_c1148 _d1148 |
||
| 003 | AR-CdUCM | ||
| 008 | 190226b ||||| |||| 00| 0 spa d | ||
| 040 |
_aMUNICIPALIDAD PROVINCIAL DEL CUSCO _cBIBLIOTECA MUNICIPAL DEL CUSCO |
||
| 082 |
_a869.266 / _bB74 |
||
| 100 |
_aBorges, Jorge Luis _92792 |
||
| 245 | _aEl hacedor / | ||
| 260 |
_a Buenos Aires : _b Emecé Editores, _c1960. |
||
| 300 |
_a111 páginas ; _c18 cm. |
||
| 505 | _aEl hacedor -- Dreamtigers -- Dialogo sobre un dialogo ... | ||
| 650 |
_aLiteratura. _983 |
||
| 650 |
_aArgentina. _9511 |
||
| 650 |
_aObra. _91250 |
||
| 942 |
_2ddc _cLIBROS |
||
| 945 |
_amvr _d2019-02-26 |
||